[Event "Paleochora op 10th"]
[Site "Paleochora"]
[Date "2017.07.26"]
[Round "9"]
[White "Vanparys, Philip"]
[Black "Harsha, Bharathakoti"]
[Result "0-1"]
[WhiteElo "2091"]
[BlackElo "2404"]
[PlyCount "172"]
[EventDate "2017.07.19"]
[EventType "swiss"]
[EventRounds "9"]
[EventCountry "GRE"]
[SourceTitle "EXT 2018"]
[Source "ChessBase"]
[SourceDate "2017.10.13"]
[SourceVersion "1"]
[SourceVersionDate "2017.10.13"]
[SourceQuality "1"]

1. e4 c5 2. c3 Nf6 3. e5 Nd5 4. d4 cxd4 5. cxd4 e6 6. Nf3 d6 7. Bc4 Nc6 8. 0-0 Be7 9. Nc3 Nxc3 10. bxc3 dxe5 11. Nxe5 Nxe5 12. dxe5 Qa5 13. Re1 0-0 14. Qf3 Rd8 15. Rb1 Rb8 16. Be3 b6 17. Bd4 Ba6 18. Bb3 Bb7 19. Qg4 Bc5 20. Re3 Bxd4 21. cxd4 Bd5 22. Rg3 g6 23. Qf4 Bxb3 24. axb3 Qa2 25. Rd1 Qc2 26. Rgd3 Rbc8 27. h4 h5 28. g4 Qe2 29. gxh5 Qxh5 30. d5 exd5 31. Rxd5 Qxd1+ 32. Rxd1 Rxd1+ 33. Kg2 Rc6 34. Qa4 Rc7 35. Qe8+ Kg7 36. e6 fxe6 37. Qxe6 Rcd7 38. Qe5+ Kh7 39. h5 R1d6 40. Kf1 gxh5 41. Qxh5+ Kg7 42. Qg4+ Kf6 43. Qf4+ Ke7 44. Qg5+ Ke6 45. f4 Rf7 46. Ke2 Kd7 47. Ke3 Re6+ 48. Kf3 Kc6 49. b4 a6 50. Qg2 Ref6 51. Ke3+ Kb5 52. Qe2+ Kxb4 53. Qxa6 b5 54. Qa2 Rxf4 55. Qb2+ Kc4 56. Qa2+ Kc5 57. Qa3+ b4 58. Qa5+ Kc4 59. Qa6+ Kb3 60. Qd3+ Kb2 61. Qd2+ Ka3 62. Qc1+ Kb3 63. Qb1+ Kc4 64. Qa2+ b3 65. Qa6+ Kc3 66. Qd3+ Kb2 67. Qd2+ Ka3 68. Qc1+ Kb4 69. Qe1+ Kc4 70. Qc1+ Kb5 71. Qb2 Rf3+ 72. Ke4 R7f4+ 73. Ke5 Rc4 74. Qd2 Rfc3 75. Qd7+ Kb4 76. Qb7+ Ka3 77. Qa6+ Kb2 78. Qg6 Ka2 79. Qa6+ Kb1 80. Qg6+ Rc2 81. Qg1+ Kb2 82. Qg6 Ka2 83. Qb6 Ra4 84. Qb5 Rcc4 85. Qd5 b2 86. Qd2 Ka1 0-1

[Event "Paleochora op 10th"]
[Site "Paleochora"]
[Date "2017.07.23"]
[Round "6"]
[White "Vanparys, Philip"]
[Black "Navrotescu, Catalin"]
[Result "1/2-1/2"]
[WhiteElo "2091"]
[BlackElo "2380"]
[PlyCount "51"]
[EventDate "2017.07.19"]
[EventType "swiss"]
[EventRounds "9"]
[EventCountry "GRE"]
[SourceTitle "EXT 2018"]
[Source "ChessBase"]
[SourceDate "2017.10.13"]
[SourceVersion "1"]
[SourceVersionDate "2017.10.13"]
[SourceQuality "1"]

1. e3 g6 2. d4 Bg7 3. Nf3 d6 4. Be2 Nd7 5. 0-0 e5 6. Nc3 Ngf6 7. dxe5 dxe5 8. e4 0-0 9. Re1 c6 10. a4 Qc7 11. Bc4 Nc5 12. Ng5 a5 13. Be3 Qe7 14. Qc1 Ne8 15. b3 Nc7 16. Qa3 b6 17. b4 N5e6 18. bxa5 Qxa3 19. Rxa3 bxa5 20. Ne2 Nxg5 21. Bxg5 Be6 22. Rc3 Rfb8 23. Bb3 Ra6 24. Rd1 Bxb3 25. cxb3 Ne6 26. Be3 1/2-1/2

[Event "Paleochora op 10th"]
[Site "Paleochora"]
[Date "2017.07.21"]
[Round "4"]
[White "Rychagov, Andrey"]
[Black "Vanparys, Philip"]
[Result "1-0"]
[WhiteElo "2536"]
[BlackElo "2091"]
[PlyCount "29"]
[EventDate "2017.07.19"]
[EventType "swiss"]
[EventRounds "9"]
[EventCountry "GRE"]
[SourceTitle "EXT 2018"]
[Source "ChessBase"]
[SourceDate "2017.10.13"]
[SourceVersion "1"]
[SourceVersionDate "2017.10.13"]
[SourceQuality "1"]

1. d4 e6 2. c4 f5 3. g3 Nf6 4. Bg2 c6 5. Qc2 d5 6. Nh3 Bd6 7. 0-0 0-0 8. Nd2 Ne4 9. Nf3 Nd7 10. Nf4 Qf6 11. Nd3 g5 12. b3 b5 13. cxd5 cxd5 14. Qc6 Rb8 15. Bxg5 1-0

[Event "Paleochora op 10th"]
[Site "Paleochora"]
[Date "2017.07.20"]
[Round "2"]
[White "Gusain, Himal"]
[Black "Vanparys, Philip"]
[Result "1-0"]
[WhiteElo "2461"]
[BlackElo "2091"]
[PlyCount "65"]
[EventDate "2017.07.19"]
[EventType "swiss"]
[EventRounds "9"]
[EventCountry "GRE"]
[SourceTitle "EXT 2018"]
[Source "ChessBase"]
[SourceDate "2017.10.13"]
[SourceVersion "1"]
[SourceVersionDate "2017.10.13"]
[SourceQuality "1"]

1. e4 e6 2. d4 d5 3. Nc3 Bb4 4. e5 Ne7 5. a3 Bxc3+ 6. bxc3 b6 7. a4 Ba6 8. Bxa6 Nxa6 9. Qd3 Nb8 10. Ba3 Qd7 11. a5 Nbc6 12. a6 Rc8 13. Nf3 Na5 14. 0-0 Nc4 15. Bc1 c5 16. Ng5 h6 17. Nh3 Qc6 18. Nf4 h5 19. Qf3 g6 20. Ne2 Nf5 21. Bg5 cxd4 22. cxd4 h4 23. g4 hxg3 24. hxg3 Rh5 25. Qf4 Rh7 26. Kg2 Qb5 27. Rfb1 Nb2 28. Qd2 Kd7 29. c3 Qd3 30. Qxd3 Nxd3 31. Bf6 Nxd4 32. Nxd4 Rxc3 33. Ra2 1-0

[Event "Aegean op 39th"]
[Site "Aghios Kirykos"]
[Date "2016.07.16"]
[Round "8"]
[White "Vanparys, Philip"]
[Black "Kapagiannidis, Konstantinos"]
[Result "0-1"]
[WhiteElo "2135"]
[BlackElo "1724"]
[PlyCount "60"]
[EventDate "2016.07.11"]
[EventType "swiss"]
[EventRounds "9"]
[EventCountry "GRE"]
[SourceTitle "EXT 2017"]
[Source "ChessBase"]
[SourceDate "2016.10.25"]
[SourceVersion "1"]
[SourceVersionDate "2016.10.25"]
[SourceQuality "1"]

1. e4 e5 2. Nf3 Nf6 3. Bc4 Nxe4 4. Nc3 Nf6 5. Qe2 Be7 6. Nxe5 d5 7. Bb3 0-0 8. d4 c6 9. Bf4 Be6 10. 0-0 Nbd7 11. Rfe1 Nxe5 12. Bxe5 Re8 13. Nd1 Bd6 14. f4 Ne4 15. Ne3 f6 16. Bxd6 Qxd6 17. f5 Bf7 18. Qg4 Re7 19. Re2 Rae8 20. Rae1 h6 21. c3 Ng5 22. h4 Re4 23. hxg5 Rxg4 24. Nxg4 Rxe2 25. Rxe2 hxg5 26. Ne3 Qf4 27. Bc2 g4 28. Nf1 g3 29. Re3 Bh5 30. Rxg3 Be2 0-1

[Event "Aegean op 39th"]
[Site "Aghios Kirykos"]
[Date "2016.07.15"]
[Round "6"]
[White "Vanparys, Philip"]
[Black "Georgitsi, Antigoni"]
[Result "0-1"]
[WhiteElo "2135"]
[BlackElo "1677"]
[PlyCount "54"]
[EventDate "2016.07.11"]
[EventType "swiss"]
[EventRounds "9"]
[EventCountry "GRE"]
[SourceTitle "EXT 2017"]
[Source "ChessBase"]
[SourceDate "2016.10.25"]
[SourceVersion "1"]
[SourceVersionDate "2016.10.25"]
[SourceQuality "1"]

1. e4 e5 2. Nf3 Nc6 3. Bc4 Nf6 4. d3 Bc5 5. c3 d6 6. b4 Bb6 7. Bg5 h6 8. Bh4 g5 9. Bg3 Be6 10. Nbd2 Qd7 11. a4 a5 12. b5 Ne7 13. Qb3 Ng6 14. d4 Bxc4 15. Qxc4 0-0-0 16. 0-0 h5 17. dxe5 dxe5 18. Rad1 Qe7 19. h4 Nh7 20. hxg5 h4 21. Bxh4 Nxh4 22. Nxh4 Nxg5 23. Nf5 Nh3+ 24. gxh3 Qg5+ 25. Kh2 Rxh3+ 26. Kxh3 Rh8+ 27. Nh4 Rxh4# 0-1

[Event "Terre degli Elimi op 5th"]
[Site "Erice"]
[Date "2014.07.22"]
[Round "5"]
[White "Larsen, Karsten"]
[Black "Vanparys, Philip"]
[Result "1-0"]
[WhiteElo "2265"]
[BlackElo "2141"]
[PlyCount "63"]
[EventDate "2014.07.19"]
[EventType "swiss"]
[EventRounds "9"]
[EventCountry "ITA"]
[SourceTitle "CBM 161 Extra"]
[Source "ChessBase"]
[SourceDate "2014.08.29"]
[SourceVersion "1"]
[SourceVersionDate "2014.08.29"]
[SourceQuality "1"]

1. e4 e6 2. d4 d5 3. exd5 exd5 4. Bd3 Nc6 5. c3 Bd6 6. Qf3 Nf6 7. h3 Be6 8. Bg5 Be7 9. Nd2 Qd7 10. Ne2 0-0-0 11. Nb3 Ne4 12. Bxe7 Nxe7 13. 0-0-0 Ng6 14. Nc5 Nxc5 15. dxc5 Ne5 16. Qg3 Nxd3+ 17. Qxd3 Qa4 18. a3 Qe4 19. Qxe4 dxe4 20. Rd4 f5 21. h4 Rxd4 22. Nxd4 Bd7 23. g3 Rf8 24. Re1 g6 25. Kd2 h6 26. Ke3 g5 27. hxg5 hxg5 28. Rh1 Kd8 29. Rh7 Rf6 30. Rg7 b6 31. c6 Bxc6 32. Rxg5 1-0

[Event "Terre degli Elimi op 5th"]
[Site "Erice"]
[Date "2014.07.20"]
[Round "2"]
[White "Vanparys, Philip"]
[Black "Aleksic, Nenad"]
[Result "0-1"]
[WhiteElo "2141"]
[BlackElo "2348"]
[PlyCount "38"]
[EventDate "2014.07.19"]
[EventType "swiss"]
[EventRounds "9"]
[EventCountry "ITA"]
[SourceTitle "CBM 161 Extra"]
[Source "ChessBase"]
[SourceDate "2014.08.29"]
[SourceVersion "1"]
[SourceVersionDate "2014.08.29"]
[SourceQuality "1"]

1. c4 b6 2. d4 e6 3. Nc3 Bb4 4. Nf3 Nf6 5. g3 Bb7 6. Bg2 0-0 7. 0-0 Bxc3 8. bxc3 d6 9. Qa4 Nbd7 10. Rd1 Qe7 11. Ne5 Bxg2 12. Nxd7 Nxd7 13. Kxg2 e5 14. Qc6 Rac8 15. e3 Rfe8 16. Ba3 Nb8 17. Qb7 c5 18. Qxe7 Rxe7 19. d5 e4 0-1

[Event "Gibraltar Masters 10th"]
[Site "Caleta"]
[Date "2012.01.31"]
[Round "8"]
[White "Vanparys, Philip"]
[Black "Quillan, Gary"]
[Result "0-1"]
[WhiteElo "2174"]
[BlackElo "2409"]
[PlyCount "50"]
[EventDate "2012.01.24"]
[EventType "swiss"]
[EventRounds "10"]
[EventCountry "GGB"]
[SourceTitle "CBM 147"]
[Source "ChessBase"]
[SourceDate "2012.03.16"]
[SourceVersion "1"]
[SourceVersionDate "2012.03.16"]
[SourceQuality "1"]

1. c4 e5 2. g3 Nf6 3. Bg2 c6 4. d4 exd4 5. Qxd4 d5 6. Nf3 Be7 7. cxd5 cxd5 8. 0-0 Nc6 9. Qa4 0-0 10. Be3 Ng4 11. Bf4 Qb6 12. Nc3 Be6 13. Ng5 Bxg5 14. Bxg5 Qxb2 15. Nxd5 Nd4 16. Nf4 Nxe2+ 17. Nxe2 Qxe2 18. Be7 Rfe8 19. Bxb7 Ne5 20. Bxa8 Rxa8 21. Qd1 Nf3+ 22. Kg2 Qe4 23. Qxf3 Bh3+ 24. Kxh3 Qxf3 25. a3 Qf5+ 0-1

[Event "Gibraltar Masters 10th"]
[Site "Caleta"]
[Date "2012.01.30"]
[Round "7"]
[White "Molina, Roberto Junio Brito"]
[Black "Vanparys, Philip"]
[Result "1/2-1/2"]
[WhiteElo "2415"]
[BlackElo "2174"]
[PlyCount "114"]
[EventDate "2012.01.24"]
[EventType "swiss"]
[EventRounds "10"]
[EventCountry "GGB"]
[SourceTitle "CBM 147"]
[Source "ChessBase"]
[SourceDate "2012.03.16"]
[SourceVersion "1"]
[SourceVersionDate "2012.03.16"]
[SourceQuality "1"]

1. d4 d6 2. e4 Nf6 3. Nc3 g6 4. Be3 c6 5. Qd2 b5 6. f3 Nbd7 7. h4 Bb7 8. Nh3 Qc7 9. Ne2 Nb6 10. Ng3 h5 11. Ng5 e5 12. 0-0-0 Be7 13. f4 Ng4 14. Bg1 exd4 15. Bxd4 0-0 16. Be2 Bc8 17. f5 d5 18. Bxg4 Qxg3 19. Bf3 Nc4 20. Qe2 dxe4 21. Nxe4 Qf4+ 22. Kb1 Bxf5 23. g3 Qh6 24. Nc3 Bb4 25. Bxc6 Bxc3 26. Bxc3 Rac8 27. Bd7 b4 28. Bxc8 Rxc8 29. Bf6 Bg4 30. Qxc4 Rxc4 31. Rd8+ Qf8 32. Rxf8+ Kxf8 33. Re1 Bf5 34. Re2 a6 35. b3 Rc7 36. Rd2 Rd7 37. Rxd7 Bxd7 38. Bd8 Kg7 39. Ba5 g5 40. hxg5 Kg6 41. Bxb4 Kxg5 42. Kc1 Kg4 43. Bd6 h4 44. gxh4 Kxh4 45. Kd2 Kg4 46. c4 Kf5 47. Kc3 Ke4 48. Kb4 Kd3 49. Ka5 Bc8 50. Be5 Kc2 51. Bf6 Kd2 52. Kb6 Kd3 53. Kc7 Be6 54. Kb7 Bxc4 55. bxc4 Kxc4 56. Kxa6 Kb4 57. Be7+ Ka4 1/2-1/2

[Event "Gibraltar Challengers-B 10th"]
[Site "Caleta"]
[Date "2012.01.28"]
[Round "1"]
[White "Campbell, Ian"]
[Black "Vanparys, Philip"]
[Result "0-1"]
[WhiteElo "2001"]
[BlackElo "2174"]
[PlyCount "64"]
[EventDate "2012.01.28"]
[EventType "swiss"]
[EventRounds "5"]
[EventCountry "GGB"]
[SourceTitle "CBM 146 Extra"]
[Source "ChessBase"]
[SourceDate "2012.02.29"]
[SourceVersion "1"]
[SourceVersionDate "2012.02.29"]
[SourceQuality "1"]

1. d4 d6 2. Nf3 f5 3. Bf4 Nf6 4. e3 g6 5. Nbd2 Bg7 6. c3 Nc6 7. Qc2 h6 8. h3 0-0 9. Be2 Qe8 10. 0-0-0 e5 11. dxe5 dxe5 12. Bh2 Kh7 13. Rhf1 a6 14. Nb3 Qe7 15. Nfd2 a5 16. a4 Be6 17. Bc4 Bxc4 18. Nxc4 Rfb8 19. Na3 Nd8 20. Qd3 Ra6 21. Nb5 Nf7 22. Qe2 c6 23. Na3 Nd5 24. g4 Nxc3 25. Qc2 Na2+ 26. Kb1 Nb4 27. Qe2 b5 28. gxf5 gxf5 29. axb5 cxb5 30. Nd4 exd4 31. Bxb8 Qe4+ 32. Nc2 d3 0-1

[Event "Gibraltar Masters 10th"]
[Site "Caleta"]
[Date "2012.01.28"]
[Round "5"]
[White "Cernousek, Lukas"]
[Black "Vanparys, Philip"]
[Result "1/2-1/2"]
[WhiteElo "2438"]
[BlackElo "2174"]
[PlyCount "119"]
[EventDate "2012.01.24"]
[EventType "swiss"]
[EventRounds "10"]
[EventCountry "GGB"]
[SourceTitle "CBM 147"]
[Source "ChessBase"]
[SourceDate "2012.03.16"]
[SourceVersion "1"]
[SourceVersionDate "2012.03.16"]
[SourceQuality "1"]

1. d4 d6 2. Nf3 f5 3. g3 g6 4. b3 Bg7 5. Bb2 Nf6 6. Bg2 0-0 7. 0-0 Qe8 8. c4 h6 9. Nbd2 Na6 10. Bc3 c5 11. e3 Rb8 12. a4 g5 13. dxc5 Nxc5 14. b4 Nce4 15. Nxe4 fxe4 16. Nd2 Bg4 17. Qe1 Qh5 18. f3 Bxf3 19. Nxf3 Ng4 20. h3 Bxc3 21. hxg4 Bxe1 22. gxh5 exf3 23. Raxe1 fxg2 24. Kxg2 Rbc8 25. Rc1 Rxf1 26. Kxf1 a5 27. bxa5 Kf7 28. Ke2 Rc5 29. Rf1+ Ke6 30. Rb1 Rxc4 31. Rxb7 Rxa4 32. Ra7 g4 33. Ra8 Kd5 34. Rg8 Ra2+ 35. Kd3 Ra3+ 36. Ke2 Ra2+ 37. Kd3 Ra3+ 38. Kd2 Rxa5 39. Rxg4 Kc6 40. Rc4+ Kd5 41. Rf4 Ke6 42. g4 Rg5 43. Kd3 Rd5+ 44. Ke4 Rd1 45. Kf3 Rf1+ 46. Kg3 Rxf4 47. exf4 Kf6 48. Kh4 e5 49. g5+ hxg5+ 50. fxg5+ Kf5 51. h6 Kg6 52. Kg3 d5 53. Kf3 Kh7 54. Ke2 Kg6 55. Kd2 Kh7 56. Kc3 Kg6 57. Kb4 e4 58. Kc3 e3 59. Kd3 d4 60. Ke2 1/2-1/2

[Event "Gibraltar Challengers-A 10th"]
[Site "Caleta"]
[Date "2012.01.25"]
[Round "3"]
[White "Campos Calvo, Sotelo Juan"]
[Black "Vanparys, Philip"]
[Result "0-1"]
[WhiteElo "2028"]
[BlackElo "2174"]
[PlyCount "88"]
[EventDate "2012.01.23"]
[EventType "swiss"]
[EventRounds "5"]
[EventCountry "GGB"]
[SourceTitle "CBM 146 Extra"]
[Source "ChessBase"]
[SourceDate "2012.02.29"]
[SourceVersion "1"]
[SourceVersionDate "2012.02.29"]
[SourceQuality "1"]

1. b4 b6 2. e3 Bb7 3. Nf3 e6 4. Bb2 Nf6 5. a3 c5 6. bxc5 bxc5 7. c4 Nc6 8. Nc3 Be7 9. Be2 0-0 10. 0-0 d5 11. d4 dxc4 12. Bxc4 cxd4 13. exd4 Rc8 14. Ba2 Qa5 15. d5 Nb8 16. dxe6 Rxc3 17. exf7+ Kh8 18. Qe1 Ne4 19. Rc1 Rxa3 20. Bb1 Qxe1 21. Rfxe1 Rb3 22. Bd4 Ba3 23. Rc7 Nd6 24. Ba2 Rd3 25. Be5 Bxf3 26. gxf3 Nf5 27. Bb1 Rxf3 28. Rxa7 Bc5 29. Ra2 Nd7 30. Bxf5 Rxf5 31. Bg3 R5xf7 32. Kg2 h5 33. Re6 Kh7 34. h4 Nf6 35. f4 Rd8 36. Rc2 Ba7 37. Rec6 Nd5 38. Kf3 Bb8 39. Rc8 Rxc8 40. Rxc8 Bxf4 41. Bxf4 Rxf4+ 42. Kg3 Rg4+ 43. Kf3 Ne7 44. Re8 Ng6 0-1

[Event "Politiken Cup 30th"]
[Site "Helsingor"]
[Date "2008.07.27"]
[Round "10"]
[White "Hollesen, Kurt"]
[Black "Vanparys, Philip"]
[Result "1/2-1/2"]
[WhiteElo "1996"]
[BlackElo "2199"]
[PlyCount "24"]
[EventDate "2008.07.19"]
[EventType "swiss"]
[EventRounds "10"]
[EventCountry "DEN"]
[SourceTitle "CBM 125 Extra"]
[Source "ChessBase"]
[SourceDate "2008.09.01"]
[SourceVersion "1"]
[SourceVersionDate "2008.09.01"]
[SourceQuality "1"]

1. c4 f5 2. Nc3 Nf6 3. d3 g6 4. e4 d6 5. g3 Bg7 6. Bg2 c6 7. Nge2 0-0 8. 0-0 e5 9. h3 Na6 10. Be3 fxe4 11. dxe4 Be6 12. b3 Qe7 1/2-1/2

[Event "Politiken Cup 30th"]
[Site "Helsingor"]
[Date "2008.07.25"]
[Round "8"]
[White "Mangelschots, Peter"]
[Black "Vanparys, Philip"]
[Result "1/2-1/2"]
[WhiteElo "2069"]
[BlackElo "2199"]
[PlyCount "27"]
[EventDate "2008.07.19"]
[EventType "swiss"]
[EventRounds "10"]
[EventCountry "DEN"]
[SourceTitle "CBM 125 Extra"]
[Source "ChessBase"]
[SourceDate "2008.09.01"]
[SourceVersion "1"]
[SourceVersionDate "2008.09.01"]
[SourceQuality "1"]

1. e4 d6 2. d4 Nf6 3. Nc3 g6 4. Be3 c6 5. Qd2 b5 6. Bd3 Nbd7 7. Nf3 e5 8. h3 Bb7 9. dxe5 dxe5 10. Bh6 Bxh6 11. Qxh6 Ng8 12. Qe3 Ngf6 13. Qh6 Ng8 14. Qe3 1/2-1/2

[Event "Ghent op 28th"]
[Site "Ghent"]
[Date "2005.07.18"]
[Round "6"]
[White "Sowray, Peter John"]
[Black "Vanparys, Philip"]
[Result "1-0"]
[WhiteElo "2364"]
[BlackElo "2205"]
[PlyCount "87"]
[EventDate "2005.07.16"]
[EventType "swiss"]
[EventRounds "9"]
[EventCountry "BEL"]
[SourceTitle "CBM 107 Extra"]
[Source "ChessBase"]
[SourceDate "2005.09.01"]
[SourceVersion "1"]
[SourceVersionDate "2005.09.01"]
[SourceQuality "1"]

1. Nf3 Nf6 2. c4 e6 3. g3 b6 4. Bg2 Bb7 5. 0-0 c5 6. Nc3 Be7 7. d4 cxd4 8. Qxd4 d6 9. Rd1 Nc6 10. Qf4 Qd7 11. e4 0-0 12. e5 Ne8 13. b3 a6 14. Ba3 Rd8 15. exd6 Bxd6 16. Bxd6 Nxd6 17. Ne4 e5 18. Nxe5 Nxe5 19. Rxd6 Qc7 20. Qxe5 Bxe4 21. Rad1 Bc2 22. R1d5 Rde8 23. Qc3 Be4 24. Bxe4 Rxe4 25. Qf3 Re7 26. Rd1 Rfe8 27. Kg2 h6 28. R1d2 Qb7 29. Rd8 Qc7 30. Qa8 Kf8 31. Rxe8+ Rxe8 32. Qxa6 Qc6+ 33. Rd5 Qe6 34. Qa3+ Kg8 35. Qb2 Qe4+ 36. f3 Qe1 37. Rd2 h5 38. h4 g5 39. hxg5 h4 40. gxh4 Qxh4 41. Qf6 Qe1 42. Rf2 Re6 43. Qd8+ Kg7 44. Qd2 1-0

[Event "Ghent op 28th"]
[Site "Ghent"]
[Date "2005.07.17"]
[Round "3"]
[White "Vanparys, Philip"]
[Black "Van der Stricht, Geert"]
[Result "0-1"]
[WhiteElo "2205"]
[BlackElo "2400"]
[PlyCount "76"]
[EventDate "2005.07.16"]
[EventType "swiss"]
[EventRounds "9"]
[EventCountry "BEL"]
[SourceTitle "CBM 107 Extra"]
[Source "ChessBase"]
[SourceDate "2005.09.01"]
[SourceVersion "1"]
[SourceVersionDate "2005.09.01"]
[SourceQuality "1"]

1. d4 Nf6 2. Nf3 d5 3. c4 c6 4. Nc3 dxc4 5. a4 Bf5 6. Ne5 Nbd7 7. Nxc4 Nb6 8. e3 e6 9. Bd3 Nxc4 10. Bxc4 Bb4 11. 0-0 0-0 12. Qb3 Qe7 13. f3 Bg6 14. e4 Rad8 15. Be3 c5 16. Na2 cxd4 17. Qxb4 Qxb4 18. Nxb4 dxe3 19. Nd3 Rd4 20. Rac1 Nd7 21. a5 Rc8 22. Bb5 Rd8 23. Rc3 Nf8 24. b3 f5 25. Nc5 b6 26. Nb7 Rb8 27. a6 f4 28. Rc7 Be8 29. Bc4 Rd7 30. Rxd7 Bxd7 31. Rd1 Kf7 32. e5 Ke7 33. Rd4 g5 34. h4 h6 35. Nd6 Ng6 36. hxg5 hxg5 37. Ne4 Nxe5 38. Nxg5 Rg8 0-1

[Event "Condom op 3rd"]
[Site "Condom"]
[Date "2004.07.14"]
[Round "6"]
[White "Vanparys, Philip"]
[Black "Maes, Wim"]
[Result "1/2-1/2"]
[WhiteElo "2156"]
[BlackElo "2318"]
[PlyCount "75"]
[EventDate "2004.07.10"]
[EventType "swiss"]
[EventRounds "9"]
[EventCountry "FRA"]
[SourceTitle "CBM 101 Extra"]
[Source "ChessBase"]
[SourceDate "2004.09.01"]
[SourceVersion "2"]
[SourceVersionDate "2004.09.01"]
[SourceQuality "1"]

1. e4 c5 2. Nf3 e6 3. Nc3 a6 4. d4 cxd4 5. Nxd4 Qc7 6. g3 Nf6 7. Bg2 Be7 8. 0-0 0-0 9. a4 Nc6 10. Re1 d6 11. Nxc6 bxc6 12. a5 Rb8 13. Be3 c5 14. Na4 Bb7 15. Qe2 Bc6 16. e5 dxe5 17. Bxc6 Qxc6 18. Bg5 Rb4 19. Nb6 Rxb2 20. Reb1 Rb5 21. Nc4 Qb7 22. Rd1 Qc7 23. Qxe5 Qxe5 24. Nxe5 c4 25. Nc6 Bc5 26. Bxf6 gxf6 27. Ra4 Rc8 28. Rd8+ Rxd8 29. Nxd8 Kf8 30. Nc6 Ke8 31. Rxc4 e5 32. Kg2 Bd6 33. g4 Kd7 34. Kf3 Ke6 35. Nd8+ Ke7 36. Nc6+ Ke6 37. Ke4 Rb1 38. Nd8+ 1/2-1/2

[Event "Vlaams-ch"]
[Site "Bilzen"]
[Date "2004.05.31"]
[Round "7"]
[White "Vanparys, Philip"]
[Black "Schuermans, Robert"]
[Result "0-1"]
[WhiteElo "2182"]
[BlackElo "2232"]
[PlyCount "78"]
[EventDate "2004.05.20"]
[EventType "swiss"]
[EventRounds "7"]
[EventCountry "BEL"]
[SourceTitle "EXT 2006"]
[Source "ChessBase"]
[SourceDate "2005.11.24"]
[SourceVersion "1"]
[SourceVersionDate "2005.11.24"]
[SourceQuality "1"]

1. Nf3 Nc6 2. g3 e5 3. d4 exd4 4. Nxd4 Qf6 5. c3 Nxd4 6. Qxd4 Qc6 7. e4 Bc5 8. Qd5 Nf6 9. Qxc6 bxc6 10. f3 d6 11. Nd2 0-0 12. Nb3 Bb6 13. c4 a5 14. c5 a4 15. cxb6 axb3 16. a4 cxb6 17. Ra3 Be6 18. Be3 Rfb8 19. Bd3 d5 20. Kd2 c5 21. Bf4 Rc8 22. Rc1 c4 23. exd5 Nxd5 24. Rxc4 Rxc4 25. Bxc4 Nxf4 26. Bxe6 Nxe6 27. Rxb3 Rxa4 28. Rxb6 Kf8 29. Rb7 Ke8 30. Ke3 Rc4 31. h4 Rc7 32. Rb5 Nd8 33. Rd5 Re7+ 34. Kf2 Rb7 35. Rd2 Rb3 36. Kg2 Nc6 37. Kf2 Ke7 38. f4 Nb4 39. Kg2 Nd3 0-1

[Event "Vlaams-ch"]
[Site "Bilzen"]
[Date "2004.05.22"]
[Round "3"]
[White "Artels, Lieven"]
[Black "Vanparys, Philip"]
[Result "0-1"]
[WhiteElo "1846"]
[BlackElo "2182"]
[PlyCount "68"]
[EventDate "2004.05.20"]
[EventType "swiss"]
[EventRounds "7"]
[EventCountry "BEL"]
[SourceTitle "EXT 2006"]
[Source "ChessBase"]
[SourceDate "2005.11.24"]
[SourceVersion "1"]
[SourceVersionDate "2005.11.24"]
[SourceQuality "1"]

1. e4 d6 2. d4 Nf6 3. Nc3 g6 4. Nf3 Bg7 5. Be3 a6 6. d5 b5 7. a3 c5 8. Be2 Nbd7 9. 0-0 0-0 10. Re1 Bb7 11. Bf1 Ng4 12. Bf4 Qa5 13. h3 Nge5 14. Nxe5 Nxe5 15. Bd2 Qc7 16. Nb1 f5 17. Bc3 fxe4 18. Rxe4 e6 19. Rxe5 Bxe5 20. Bxe5 dxe5 21. dxe6 Rad8 22. Qg4 Rd4 23. Qe2 Rdf4 24. f3 e4 25. e7 Qxe7 26. Nc3 Qf6 27. Nxe4 Bxe4 28. fxe4 Qd4+ 29. Kh1 Rf2 30. Qd3 Qxd3 31. Bxd3 c4 32. Rd1 cxd3 33. Rxd3 Rxc2 34. Rd6 Rff2 0-1